| 000 | 00765nam a22002417a 4500 | ||
|---|---|---|---|
| 005 | 20100807120050.0 | ||
| 010 | _aENG-98786 | ||
| 020 |
_a978938023670 _c90.00 |
||
| 035 | _aEN-82318 | ||
| 037 | _bDBAD/PUB | ||
| 082 | _a658 | ||
| 100 |
_aBanu, A. Sameen. _98352 |
||
| 245 |
_aBusiness environment / _cby A. Sameen. Banu |
||
| 260 |
_aThanjavur _bPrintmagic _c2009 |
||
| 270 |
_a2,First,Guru Complex, Rajappa Nagar, Medical college Road _bThanjavur _e613007 |
||
| 300 | v |
_a163p. _c23cm (pbk) |
|
| 650 |
_aBusiness _98353 |
||
| 650 |
_aCommerce _98354 |
||
| 700 | _98297 | ||
| 700 | _98298 | ||
| 942 |
_2ddc _cEN _h658 _mSAM |
||
| 999 |
_c40009 _d40009 |
||